00823nam a2200181 a 450000100100000000500170001000800410002704000250006808200150009311001050010824500310021326000910024430000300033550400270036595201130039295201190050599900170062400002975020250607073643.0110425s1991 dr d 000 0 spa d aDO-SdBNPbspacBNPHU axxxbR426p1 aRepública Dominicana. b Secretaria de Estado de Salud Pública y Asistencia Social (2001)95654910aPrograma materno infantil. aSanto Domingo :bSecretaría de Estado de Salud Pública y Asistencia Social,c1991. a48 p. :bdiagrs ;c28 cm. aBibliografía : 48 p. 0010718PDaPDbPDcCTd2011-04-25iLF1l0oxxx R426pp29750-10r2020-06-25w2020-06-25yLFPDZNo se presta 0010718PDaPDbPDcCTd2011-04-25iLF1l0oxxx R426pp29750-20r2020-06-25te. 2w2020-06-25yLFPDZNo se presta c29242d29242